Sidney's Arcadia and the Elizabethan drama, (Record no. 91044)

MARC details
000 -LEADER
fixed length control field 00610cam a22002053 4500
001 - CONTROL NUMBER
control field tmp92006454
003 - CONTROL NUMBER IDENTIFIER
control field DLC
005 - DATE AND TIME OF LATEST TRANSACTION
control field 20260227112753.0
008 - FIXED-LENGTH DATA ELEMENTS--GENERAL INFORMATION
fixed length control field 050606s nyu 000 0 eng
010 ## - LIBRARY OF CONGRESS CONTROL NUMBER
LC control number tmp92006454
040 ## - CATALOGING SOURCE
Original cataloging agency DLC
Transcribing agency DLC
050 00 - LIBRARY OF CONGRESS CALL NUMBER
Classification number PR2342.A6
Item number H5
100 1# - MAIN ENTRY--PERSONAL NAME
Personal name Hill, Herbert Wynford,
Dates associated with a name 1875-
245 00 - TITLE STATEMENT
Title Sidney's Arcadia and the Elizabethan drama,
Statement of responsibility, etc. by Herbert Wynford Hill.
260 ## - PUBLICATION, DISTRIBUTION, ETC.
Place of publication, distribution, etc. [Reno, Nev.]
Date of publication, distribution, etc. 1908.
300 ## - PHYSICAL DESCRIPTION
Extent 59 p.
Dimensions 24 cm.
490 0# - SERIES STATEMENT
Series statement University of Nevada studies,
Volume/sequential designation v. 1, no. 1
440 #0 - SERIES STATEMENT/ADDED ENTRY--TITLE
Title University of Nevada bulletin,
Volume/sequential designation v. 2, no. 1
500 ## - GENERAL NOTE
General note Caption title.

No items available.

Powered by Koha